| 000 | 00681nam a22001577a 4500 | ||
|---|---|---|---|
| 003 | OSt | ||
| 005 | 20150905142307.0 | ||
| 008 | 150905b xxu||||| |||| 00| 0 eng d | ||
| 040 | _cRUA | ||
| 082 | _aAGR ប៊ុន 1989 B001 Or.1 | ||
| 100 |
_933 _aប៊ុន សារី |
||
| 245 | _aឌីណាមិចនៃទ្រង់ទ្រាយអាសូតមីនេរ៉ាល់និងផូស្វ័រចល័តក្នុងដីល្បាប់និងដីពាក់កណ្ដាលជាំទឹកក្នុងការដាំដុះកប្បាស | ||
| 260 |
_aPhnom Penh _bRUA _c1989 |
||
| 300 |
_a74p. _bill. _c29cm. |
||
| 942 |
_2ddc _cAGR |
||
| 999 |
_c31 _d31 |
||